|
|
|
|
| LEADER |
00781nam a2200253 a 4500 |
| 001 |
adlib96000001 |
| 003 |
ViArRB |
| 005 |
20151026132057.0 |
| 008 |
960221s1955 dcuabcdjdbkoqu001 0deng d |
| 020 |
|
|
|a 0-7494-3094-X
|
| 022 |
|
|
|
| 040 |
|
|
|a Adlib
|
| 082 |
|
|
|a 658
|
| 245 |
|
|
|a handbook of management techniques
|
| 250 |
|
|
|a 3rd ed.
|
| 260 |
|
|
|a London
|b Kogan page Ltd
|c 2003
|
| 300 |
|
|
|a xv, 751p.
|
| 500 |
|
|
|a
|
| 100 |
|
|
|a Armstrong, Michael
|
| 700 |
|
|
|
| 942 |
|
|
|c BK
|6 _
|
| 653 |
|
|
|a Marketing management
|a Operation management
|a Financial Managemen
|a Financial management
|a Human resource management
|a Personnel management
|
| 999 |
|
|
|c 41214
|d 41214
|
| 952 |
|
|
|0 0
|1 0
|4 0
|6 658_ARM
|7 0
|9 53216
|a UL
|b UL
|d 2010-06-16
|l 9
|o 658 ARM
|p 00052028
|r 2013-11-22
|s 2013-10-28
|w 2010-06-16
|y BK
|